000 00749nam a22001817a 4500
005 20260326103233.0
008 240809b ||||| |||| 00| 0 eng d
082 _aUT 1614 D541 2022
100 _aDiamona, Ruesamie C.
_957423
245 _aMga istilo ng pagtuturo at motibasyon sa pagkatuto ng mga mag-aaral sa filipino /
_cRuesamie C. Diamona, Nicole Joyce B. Bechayda, and Shawn Alexthine P. Torres.
260 _aDigos City :
_bUMDC,
_c©December 2022.
300 _aviii, 46 pages :
_c29 cm.
_billustrations (some colors) ;
500 _aIncludes appendices and references.
650 _aEducation
_xUndergraduate thesis.
_957424
700 _aBechayda, Nicole Joyce B.
_957425
700 _aTorres, Shawn Alexthine P.
_957426
942 _2ddc
_cUT
999 _c20357
_d20357